|
|
|
|
| LEADER |
00906nam a22002297a 4500 |
| 001 |
29616 |
| 003 |
BD-DhAAL |
| 005 |
20260128110337.0 |
| 008 |
150831s1985 bg a|||| |||| 00| 0 eng d |
| 040 |
|
|
|a BD-DhAAL
|c BD-DhAAL
|
| 082 |
|
|
|a 307.1412095492
|2 22
|
| 245 |
|
|
|a BRAC :
|b a review of BRAC's training to development workers /
|
| 260 |
|
|
|a Dhaka :
|b Bangladesh Rural Advancement Committee,
|c 1985.
|
| 300 |
|
|
|a 43 pages :
|c 29 cm.
|
| 541 |
|
|
|a Complimentary copy from BRAC
|e 29616
|
| 610 |
|
|
|a BRAC
|9 14324
|
| 650 |
|
|
|a Rural Development.
|9 14325
|
| 710 |
|
|
|a BRAC
|9 14324
|
| 852 |
|
|
|a Ayesha Abed Library
|c General Stacks
|
| 942 |
|
|
|2 ddc
|c BK
|
| 999 |
|
|
|c 35400
|d 35400
|
| 952 |
|
|
|0 0
|1 0
|2 ddc
|4 0
|6 307_141209549200000_BRA
|7 1
|8 RPT
|9 55665
|a BRACUL
|b BRACUL
|c BRS
|d 2015-08-31
|e Complimentary copy from BRAC
|l 1
|o 307.1412095492 BRA
|p 3010029616
|r 2025-12-30
|s 2025-03-24
|t 1
|w 2015-08-31
|y BK
|x BRAC ; price not available in register
|